000 03326nam a22012734i 4500
003 PE-LiUPU
005 20250813185326.0
008 150430s2014 ck a r 000 0 spa d
020 _a9587622383
020 _a9789587622386
035 _a(Sirsi) i9789587622386
040 _aUIA
_bspa
_erda
_cUIA
_dPE-LiUPU
082 0 4 _a370.7
_bO41
_220
100 1 _aOlave Arias, Giohanny,
_eautor.
245 1 0 _aCómo escribir la investigación académica :
_bdesde el proyecto hasta la defensa /
_cGiohanny Olave Arias, Ilene Rojas García, Mireya Cisneros Estupiñán.
250 _aPrimera edición.
264 1 _aBogotá, Colombia :
_bEdiciones de la U,
_c2014.
300 _a163 páginas :
_bilustraciones ;
_c24 centímetros
336 _atext
_2rdacontent
337 _aunmediated
_2rdamedia
338 _avolume
_2rdacarrier
500 _aÁrea: Educación.
504 _aBibliografía : páginas 147-151.
505 0 _aPara empezar -- Proyectando la investigación -- Redactando el informe final escrito -- Apoyando la sutentación del trabajo de grado.
526 _aP202
526 _aP201
526 _aP163
526 _aP162
526 _aP161
526 _aP160
526 _aP148
526 _aP147
526 _aP146
526 _aP145
526 _aP144
526 _aP143
526 _aP142
526 _aP141
526 _aP140
526 _aP139
526 _aP138
526 _aP137
526 _aP136
526 _aP135
526 _aP134
526 _aP133
526 _aP129
526 _aP128
526 _aP127
526 _aP120
526 _aP119
526 _aP118
526 _aP116
526 _aP115
526 _aP114
526 _aP110
526 _aP109
526 _aP108
526 _aP104
526 _aP103
526 _aP102
526 _aP99
526 _aP98
526 _aP97
526 _aP96
526 _aP95
526 _aP93
526 _aP90
526 _aP89
526 _aP88
526 _aP83
526 _aP82
526 _aP62
526 _aP59
526 _aP58
526 _aP57
526 _aP51
526 _aP49
526 _aP48
526 _aP47
526 _aP29
526 _aP24
526 _aP20
526 _aP19
526 _aP17
526 _aP15
526 _aP14
526 _aP12
526 _aP10
526 _aP09
526 _aP08
526 _aP07
526 _aP06
526 _aP05
526 _aP04
526 _aP01
541 _g0300020068;
650 4 _aEscritura académica
_xEstudio y enseñanza.
650 4 _aRedación de informes.
650 4 _aTesis y disertaciones académicas
_xEstudio y enseñanza.
700 1 _aCisneros Estupiñán, Mireya,
_eautor.
700 1 _aRojas García, Ilene,
_eautor.
910 _ajck
_bebj
_cebj
_d20160704
942 _2ddc
_cBOOK
949 _a370.7 O41
_wDEWEY
_c1
_i73829
_lCCODEBUL1
_mBUL
_p14.22
_r0
_sY
_tBOOK
_u2016-7-4
_xEDUCACION
_0COMPRA
_o.STAFF. Posgrado
994 _aC0
_bPEPRU
596 _a1
999 _a370.7 O41
_wDEWEY
_c10346
_i73829
_d10346
_e2022-5-23
_f2021-11-8
_g5
_lCCODEBUL1
_mBUL
_n1
_p14.22
_r0
_sY
_tBOOK
_u2016-7-4
_xEDUCACION
_PP14
_0COMPRA
_o.STAFF. Posgrado
980 _81
_gALBERTO SANCHEZ Responsable de Automatización